Zelda Ocarina of Time - Personnages - Statistiques

Statistiques générales
  • Ce quiz a été pris 235 fois
  • Le résultat moyen est 28 sur 71
Statistiques - réponses
Par images Réponse % Correct
Link
100%
Link
100%
Zelda
99%
Ganon
98%
Ganondorf
94%
Sheik
92%
le Vénérable Arbre Mojo
91%
Navi
91%
Epona
80%
Skull Kid
77%
Saria
76%
Impa
71%
Link noir
71%
Malon
66%
Grande Fée
64%
Darunia
63%
Jabu-Jabu
62%
Princesse Ruto
60%
Vendeur d'Haricot
60%
Igor
59%
Rauru
58%
Ganon Spectral
53%
Kotake
53%
Garde d'Hyrule
51%
Mido
51%
Roi Zora XVI
50%
Talon
50%
Koume
47%
le Bourgeon de l'Arbre Mojo
45%
Marathonien
44%
Biggoron
42%
Nabooru
41%
Vendeur de Masques
40%
Marchand de Tapis
39%
Propriétaire du Bazar
39%
Twinrova
39%
Ingo
38%
Kaepora Gaebora
32%
Fille aux Cocottes
30%
Kiki
28%
Amoureux
27%
Bémol
25%
Dièse
23%
Apothicaire
20%
Pêcheur Légendaire
20%
Pierre
17%
Scientifique du Lac
16%
Guru-Guru
15%
Mendiant
15%
Bleu et Rouge
13%
Peste Marchande
13%
Marchand d'âmes
12%
Professeur Shikashi
12%
Chef des charpentiers
11%
Homme au sac
11%
Medigoron
10%
Propriétaire de la Boutique de Bombes
10%
Propriétaire du Stand de Tir
10%
Bonooru
9%
Fils du Charpentier
9%
Mme Yan
9%
Fado
8%
Frère Je-Sais-Tout
8%
Garçon du Cimetière
8%
Gérante de Mini-Jeux
8%
Granny
8%
Nico
7%
Homme Maudit
6%
Hiro
5%
Julio
5%
Jibo
2%
Aucun quiz correspondant
Distribution des résultats
% des personnes avec chaque résultat
Percentile par nombre de réponses
Votre historique - résultats
Vous n’avez pas pris ce quiz